Курс аналитической геометрии: учебное пособие

Detaylı Bibliyografya
Yazar: Смирнов Ю. М. Юрий Михайлович
Özet:В настоящей книге, написанной известным математиком, профессором Московского государственного университета им. М. В. Ломоносова Ю. М. Смирновым, фактически представлена вся аналитическая геометрия и начала проективной геометрии. Изложены понятия и свойства операций векторного исчисления, приведены сведения о прямых и плоскостях, линиях и поверхностях второго порядка, исследованы аффинные и ортогональные преобразования плоскости и пространства. Аккуратность и строгость изложения сочетаются с ясностью и простотой. Наличие большого количества примеров и чертежей способствует лучшему пониманию предмета. Книга рассчитана на широкий круг читателей — от студентов физико-математических вузов до преподавателей математики и исследователей, использующих в своей работе методы аналитической геометрии.
Dil:Rusça
Baskı/Yayın Bilgisi: Москва, Едиториал УРСС, 2011
Edisyon:2-е изд.
Seri Bilgileri:Классический учебник МГУ
Konular:
Materyal Türü: Kitap
KOHA link:https://koha.lib.tpu.ru/cgi-bin/koha/opac-detail.pl?biblionumber=198581

MARC

LEADER 00000nam0a2200000 4500
001 198581
005 20231101224827.0
010 |a 9785354014002 
035 |a (RuTPU)RU\TPU\book\216581 
035 |a RU\TPU\book\87475 
090 |a 198581 
100 |a 20050920d2011 m u0rusy5002 ca 
101 0 |a rus 
102 |a RU 
105 |a a j 000zy 
200 1 |a Курс аналитической геометрии  |e учебное пособие  |f Ю. М. Смирнов 
205 |a 2-е изд. 
210 |a Москва  |c Едиториал УРСС  |d 2011 
215 |a 222 с.  |c ил. 
225 1 |a Классический учебник МГУ 
330 |a В настоящей книге, написанной известным математиком, профессором Московского государственного университета им. М. В. Ломоносова Ю. М. Смирновым, фактически представлена вся аналитическая геометрия и начала проективной геометрии. Изложены понятия и свойства операций векторного исчисления, приведены сведения о прямых и плоскостях, линиях и поверхностях второго порядка, исследованы аффинные и ортогональные преобразования плоскости и пространства. Аккуратность и строгость изложения сочетаются с ясностью и простотой. Наличие большого количества примеров и чертежей способствует лучшему пониманию предмета. Книга рассчитана на широкий круг читателей — от студентов физико-математических вузов до преподавателей математики и исследователей, использующих в своей работе методы аналитической геометрии. 
451 1 |0 (RuTPU)RU\TPU\book\87475  |y 5-354-00567-1  |t Курс аналитической геометрии  |o учебное пособие  |f Ю. М. Смирнов  |c М.  |n Едиториал УРСС  |d 2005  |p 224 с.  |a Смирнов, Юрий Михайлович 
606 1 |a Аналитическая геометрия  |2 stltpush  |3 (RuTPU)RU\TPU\subj\28991  |9 52410 
610 2 |a векторные исчисления 
610 2 |a прямые 
610 2 |a плоскости 
610 2 |a линии 
610 2 |a линии второго порядка 
610 2 |a ортогональные преобразования 
610 2 |a ортогональные инварианты 
610 2 |a проективная геометрия 
610 1 |a учебные пособия 
675 |a 514.12(075.8)  |v 3  |z rus 
700 1 |a Смирнов  |b Ю. М.  |g Юрий Михайлович  |4 070 
801 1 |a RU  |b 63413507  |c 20110701 
801 2 |a RU  |b 63413507  |c 20150506  |g RCR 
900 |a Линейная алгебра и аналитическая геометрия 
942 |c BK 
959 |a 65/20110701  |d 2  |e 198,99  |f ЧЗТЛ:1  |f АНЛ:1